Normal view
MARC view
- Silverwork
Entry Topical Term
001 - CONTROL NUMBER
- control field: 120960
003 - CONTROL NUMBER IDENTIFIER
- control field: NUST
005 - DATE AND TIME OF LATEST TRANSACTION
- control field: 20240221100604.0
008 - FIXED-LENGTH DATA ELEMENTS
- fixed length control field: 240221|| aca||aabn | a|a d
040 ## - CATALOGING SOURCE
- Original cataloging agency: NUST
- Transcribing agency: NUST
150 ## - HEADING--TOPICAL TERM
- Topical term or geographic name entry element: Silverwork
670 ## - SOURCE DATA FOUND
- Source citation: Work cat.: (NUST): Bone,Elizabeth 120959, Silvers Mithing for Jewellery makers:, 2012.
